000 01273nam a2200313 c 4500
003 BLK
005 20180422094639.0
008 180413b bul|||||r ||||||| ||bul||
010 _aKNG00016957000
040 _aBLK
041 _aBUL
_cBUL
080 _aАнглоканадска литература
_b821.111(71)
_x-31
_z821.111(71)-31
700 1 _aАлън, Шарлот Вейл
_9364525
100 1 _aАлан, Шарлот Вейл
_eпърви автор
_gАлън, Шарлот Вейл
_9256591
700 1 _aЛазарова-Петрова, Анжела
_eпрев. от англ.
_9364106
139 _aАлън, Шарлот Вейл
_bА 59
245 1 0 _aТанц на съдбата
_bРоман
_c Шарлот Вейл Алън; Шарлот Вейл Алан; прев. от англ. Анжела Лазарова-Петрова.
257 _aCAN
260 София
_bПлеяда
_c1996
_fВраца : Полипринт
300 _a464 с.
_c20 см
380 _aX
500 _aОриг. загл. Time / Steps / Charlotte Vale Allen. - 2 500 тир.
653 _aромани
852 _aЦб 191772
856 4 _qpdf
_u
856 4 _qpdf
_u
942 _cKNG
_n0
944 _aCR
_c15.01.2003
_lф /
_kЛюдмила_Стоянова
944 _aED
_c29.09.2010
_lф /
_k
999 _c15190
_d15190